| 000 | 00770nam a22001937a 4500 | ||
|---|---|---|---|
| 005 | 20250213122448.0 | ||
| 010 | _aHIN-129438 | ||
| 020 |
_c650.00 _a9789395116817 |
||
| 035 | _aHN-101784 | ||
| 037 | _bDBAD | ||
| 082 | _a342.54 | ||
| 100 |
_aबसु , दुर्गा दास _977553 |
||
| 245 |
_aभारत का संविधान : _cदुर्गा दास बसु _bएक परिचय / |
||
| 250 | _a1 | ||
| 260 |
_aगुरुग्राम , हरियाणा _bLexisNexis _c2024 |
||
| 270 |
_a14th floor, building No. 10, Tower-B,DLF Cyber City, Phase-2 _bGurgaon _e122002 _k1244774444,1244774100 |
||
| 300 |
_a693पृ. _b24से.मी.(अजिल्द) |
||
| 942 |
_2ddc _cHN _h342.54 _mबसुदु |
||
| 999 |
_c209030 _d209030 |
||